000
00225nam a22000857a 4500
008
160916b xxu||||| |||| 00| 0 eng d
100
_9
619
_a
Dewan.P.etal
245
_a
English Grammer-4
260
_a
New Delhi
_b
ESP. Publications
_c
2012
999
_c
3278
_d
3278